00460nam a2200157Ia 450000500170000000800410001708200130005810000230007124500270009426000290012130000140015050000180016494200060018295200990018899900150028720250508021040.0240331s9999 xx 000 0 und d bBALa894 aBalasubramaniam, R 0aUlagamellam viabarihal aMadrasbNeelamalarc1991 a200 p ., aA Tamil Novel cL 001040708LaWERCLbWERCLcSSCd2024-03-31l0o 894.811 BALp4438r2024-03-31w2024-03-31yL c4337d4337